Problems of capital formation in underdevelopment countries (Record no. 433869)

000 -LEADER
fixed length control field 00359cam a22001217a 4500
008 - FIXED-LENGTH DATA ELEMENTS--GENERAL INFORMATION
fixed length control field 180718b1952 xxu||||| |||| 00| 0 eng d
082 ## - DEWEY DECIMAL CLASSIFICATION NUMBER
Classification number T111 N935
100 ## - MAIN ENTRY--PERSONAL NAME
Personal name Nurkse, Ragnar
245 ## - TITLE STATEMENT
Title Problems of capital formation in underdevelopment countries
Statement of responsibility, etc. by Ragnar Nurkse
260 ## - PUBLICATION, DISTRIBUTION, ETC.
Place of publication, distribution, etc. Delhi
Name of publisher, distributor, etc. Oxford
Date of publication, distribution, etc. 1952
300 ## - PHYSICAL DESCRIPTION
Extent 163p.
650 ## - SUBJECT ADDED ENTRY--TOPICAL TERM
Topical term or geographic name entry element Capital-underdevelopment
Holdings
Withdrawn status Lost status Damaged status Not for loan Permanent Location Current Location Date acquired Full call number Barcode Date last seen Price effective from Koha item type
        Indian Institute of Public Administration Indian Institute of Public Administration 2010-02-11 T111 N935 60390 2018-07-21 2018-07-21 Book
        Indian Institute of Public Administration Indian Institute of Public Administration 2010-02-11 T111 N935 60389 2018-07-21 2018-07-21 Book
        Indian Institute of Public Administration Indian Institute of Public Administration 2010-02-11 T111 N935 8183 2018-07-21 2018-07-21 Book

Powered by Koha